| 000 | 00929nam a2200289 a 4500 | ||
|---|---|---|---|
| 999 |
_c136 _d136 |
||
| 001 | 18346 | ||
| 003 | BD-DhUAP | ||
| 005 | 20210112092954.0 | ||
| 008 | 200116r20081999ii a 001 0 eng d | ||
| 020 | _a0201571684 (alk. paper) | ||
| 020 | _a9788177583724 | ||
| 040 |
_aDLC _cDLC _dDLC _dBD-DhUAP _bEng |
||
| 082 | 0 | 0 |
_223 _a005.117 BOO |
| 100 | 1 | _aBooch, Grady. | |
| 245 | 1 | 4 |
_aThe unified modeling language user guide / _cGrady Booch, James Rumbaugh and Ivar Jacobson. |
| 260 |
_aNew Delhi : _bPearson education, _cc1999 [Reprinted 2008]. |
||
| 300 |
_a504 pages : _billustrations ; _c24 cm. |
||
| 490 | _aThe Addison-Wesley object technology series. | ||
| 500 | _aIncludes index. | ||
| 650 | 0 |
_aComputer software _xDevelopment. |
|
| 650 | 0 | _aUML (Computer science). | |
| 700 | 1 | _aRumbaugh, James. | |
| 700 | 1 | _aJacobson, Ivar. | |
| 942 |
_2ddc _cBK |
||